000
00342cam a2200145ua 4500
041
_a
eng
_h
082
_a
917.3
_b
GUN/IN
100
_a
Gunther, John .
245
_a
Inside USA /
_c
John Gunther.
_h
Textual Documents
260
_a
London :
_b
Hamish Hamilton ,
_c
196.
300
_a
1121 ; .
504
_a
942
_c
BK
999
_c
6293
_d
6293